00295nam a2200109 a 4500008004100000050001800041100002000059245005900079260002800138300001000166350000900176120416s1980 ||||||||||||||||| || u aHG 4027.5 Zen aZenoff, David B10aManagement principles for finance in the multinational aLondonbEuromoneyc1980 a208p. a0.00